| 000 | 00427nmm a2200133Ia 4500 | ||
|---|---|---|---|
| 005 | 20241119152055.0 | ||
| 008 | 241119s9999||||xx |||||||||||||||||und|| | ||
| 100 | _aŠpiláčková, Marie | ||
| 245 | 0 | _aEnterprise Social Policy as a Means of Development of Social Work | |
| 260 |
_aVerlag Barbara Budrich _c2020 |
||
| 650 | _aGeneral/Reference | ||
| 856 | _uhttps://www.jstor.org/stable/10.2307/j.ctv16zjzwk | ||
| 942 | _cE-Book | ||
| 999 |
_c187927 _d187927 |
||